000 00876nam a2200265 a 4500
999 _c11301
_d11301
001 11301
003 BD-JhCC
005 20200218134008.0
008 190624s 2019bg a|||| ||a| 001 0 ben d
020 _a9789849318705
035 _a(BD-JhCC)11301
040 _aBD-JhCC
_dBD-JhCC
041 _aben
082 _bDUH 2019
_a152.33
100 _aডুহিগ, চার্লস
245 _aদ্য পাওয়ার অব হ্যাবিট /
_cচার্লস ডুহিগ, অনু: কে. পি. ইমন ।
260 _aঢাকা:
_bনালন্দা;
_c২০১৯.
300 _a৩০১ পৃ. :
_bill;
_c ২২ সেমি.
650 _aHabit breaking
650 _aOrganizational behavior
650 _aChange (Psychology)
700 _aইমন, কে. পি.
942 _2ddc
_cBK
_05